000 01547cam a2200157 4500500
005 20260111053650.0
041 _afre
042 _adc
100 1 0 _aGillot, Charline
_eauthor
245 0 0 _aProsecuting Polluters, Delivering Justice to Victims of Persistent Pollutants : A Comparative Study of Compensation Litigation in Europe and the United States
260 _c2025.
500 _a26
520 _aIn the early 2000s, the legal battle against companies producing and using per- and polyfluoroalkyl substances (PFAS) in the USA brought to light an unprecedented environmental and health scandal. However, the “forever pollution” problem became a political and legal concern in Europe only a few years ago. There is, to date, a significant delay in chemical regulation as a direct result of the industrials’ strategy to make PFAS science invisible and exclude the topic from the public debate. This article relies on a comparative study of industrial PFAS pollution litigation in Europe (Belgium, Italy, Netherlands, Sweden) and the United States. It highlights the plaintiffs’ difficulties in proving damage and causation before the courts. It proposes to discuss the similarities and contrasts of strategies to engage the polluters’ liability and implement the compensation for victims of everlasting but long-ignored pollution.
786 0 _nÉcologie & politique | 71 | 2 | 2025-12-10 | p. 89-107 | 1166-3030
856 4 1 _uhttps://shs.cairn.info/journal-ecologie-politique-2025-2-page-89?lang=en&redirect-ssocas=7080
999 _c1613811
_d1613811